000
00210nam a22000857a 4500
008
161201b xxu||||| |||| 00| 0 eng d
100
_9
1674
_a
Sarin,S
245
_a
Power of Knowledge
260
_a
New Delhi
_b
Angel
_c
2005
999
_c
4385
_d
4385